Statistics for azure mines ores

Click here to take the quiz!

General Stats

  • This quiz has been taken 17 times
  • The average score is 37 of 53

Answer Stats

Answer% Correct
Copper
100%
Silver
100%
Coal
89%
Gold
89%
Ruby
89%
Sapphire
89%
Stone
89%
Amethyst
78%
Antimatter
78%
Darkmatter
78%
Diamond
78%
Dragonstone
78%
Element V
78%
Emerald
78%
Frightstone
78%
Iron
78%
Kappa
78%
Mithril
78%
Newtonium
78%
Promethium
78%
Sulfur
78%
Topaz
78%
Uranium
78%
Ambrosia
67%
Azure
67%
Boomite
67%
Constellatium
67%
Corium
67%
Dragonglass
67%
Moonstone
67%
Nightmarium
67%
Opal
67%
Painite
67%
Platinum
67%
Plutonium
67%
Serendibite
67%
Sinistyte E
67%
Sinistyte L
67%
Sinistyte M
67%
Sinistyte S
67%
Stellarite
67%
Baryte
56%
Firecrystal
56%
Frostarium
56%
Illuminunium
56%
Pumpkinite
56%
Rainbonite
56%
Yunium
56%
Garnet
44%
Solarium
44%
Symmetrium
44%
Valhalum
44%
Meme stone
11%

Score Distribution

Percentile by Number Answered

Percent of People with Each Score

Your Score History

You have not taken this quiz